| 000 | 00431nam a22001697a 4500 | ||
|---|---|---|---|
| 003 | CEME | ||
| 005 | 20210628203920.0 | ||
| 008 | 210305b xxu||||| |||| 00| 0 eng d | ||
| 020 | _a0-19-577570-8 | ||
| 040 | _c. | ||
| 082 | _a923.5-Z ARI'W | ||
| 100 |
_aArif, Khalid Muhammad General _967836 |
||
| 245 | _aWorking with zia , pakistan's power politics | ||
| 260 |
_aKARACHI _bOXFORD _c1995 |
||
| 300 | _a435P | ||
| 942 |
_cBK _2ddc |
||
| 999 |
_c575530 _d575530 |
||